[Event "10th Essent Open"]
[Site "Hoogeveen NED"]
[Date "2006.10.20"]
[Round "1"]
[White "Galje,H"]
[Black "Bednar,Jar"]
[Result "0-1"]
[WhiteElo "2110"]
[BlackElo "2369"]
[EventDate "2006.10.21"]

1. d4 Nf6 2. c4 d6 3. Nc3 Nbd7 4. e4 e5 5. Nf3 c6 6. Be2 Be7 7. O-O O-O 8.
Re1 a6 9. Qc2 b5 10. cxb5 cxb5 11. a3 Bb7 12. d5 Rc8 13. Bf1 Nc5 14. Qd1
Qc7 15. Bg5 h6 16. Bh4 Nh7 17. Bxe7 Qxe7 18. g3 Rc7 19. Bh3 g6 20. Nh4 Ng5
21. Bg2 Bc8 22. Na2 Kh7 23. Nb4 Nh3+ 24. Bxh3 Bxh3 25. Rc1 Qf6 26. Qf3 Qxf3
27. Nxf3 Rfc8 28. Re3 Na4 29. Rxc7 Rxc7 30. Nxa6 Rc1+ 31. Re1 Rc2 32. Rb1
Nxb2 33. Nb4 Re2 34. Re1 Rxe1+ 35. Nxe1 Nc4 36. Nbc2 f5 37. exf5 Bxf5 38.
f3 Bc8 39. Nd3 Kg7 40. Kf2 Kf6 41. Ke2 h5 42. h4 Bf5 43. Ndb4 g5 44. hxg5+
Kxg5 45. Kf2 e4 46. Ke2 exf3+ 47. Kxf3 Bg4+ 48. Kf2 Bd1 49. Ke1 Bxc2 50.
Nxc2 Kf6 51. Kf2 Ke5 52. Kf3 Nb6 53. Nb4 Nxd5 54. Nc6+ Kf6 55. Nd4 Nc7 56.
Ke4 d5+ 57. Ke3 Ke5 58. Ne2 Ne6 59. Kd3 d4 60. Ng1 Nc5+ 61. Ke2 Ke4 62. Nf3
d3+ 63. Kf2 Nb3 64. Ng5+ Kd4 65. Ke1 Ke3 66. Ne6 Na5 67. Nf4 d2+ 68. Kd1
Nc4 69. Nd5+ Kf3 70. Nf6 Ke3 71. Nd5+ Ke4 72. Nb4 Kf3 73. Nd5 Ne3+ 0-1

[Event "10th Essent Open"]
[Site "Hoogeveen NED"]
[Date "2006.10.20"]
[Round "1"]
[White "Tondivar,B"]
[Black "Kleijn,C"]
[Result "1-0"]
[WhiteElo "2367"]
[BlackElo "2108"]
[EventDate "2006.10.21"]

1. d4 Nf6 2. c4 g6 3. g3 Bg7 4. Bg2 O-O 5. Nc3 d6 6. Nf3 Nc6 7. O-O a6 8.
b3 Rb8 9. Nd5 Ne4 10. Bb2 e6 11. Nf4 b5 12. Qc2 f5 13. cxb5 Nb4 14. Qc4
Rxb5 15. Nxe6 d5 16. Qxb5 Qe7 17. Qa5 Bxe6 18. a3 Nc6 19. Qxa6 Bd7 20. Rac1
Rf6 21. Qd3 Bh6 22. e3 g5 23. Ne5 f4 24. f3 1-0

[Event "10th Essent Open"]
[Site "Hoogeveen NED"]
[Date "2006.10.20"]
[Round "1"]
[White "Hendriks,Ric"]
[Black "Ris,R"]
[Result "0-1"]
[WhiteElo "2106"]
[BlackElo "2367"]
[EventDate "2006.10.21"]

1. e4 c5 2. Nf3 Nc6 3. d4 cxd4 4. Nxd4 Nf6 5. Nc3 e5 6. Ndb5 d6 7. Bg5 a6
8. Na3 b5 9. Bxf6 gxf6 10. Nd5 Bg7 11. Bd3 Ne7 12. Nxe7 Qxe7 13. O-O O-O
14. c4 f5 15. Qf3 d5 16. exd5 e4 17. Qe3 Qa7 18. Be2 Qxe3 19. fxe3 Bxb2 20.
Nc2 Bxa1 21. Rxa1 bxc4 22. Bxc4 Bd7 23. Nd4 Rfc8 24. Bb3 Kg7 25. Kf2 a5 26.
Rg1 Kf6 27. h3 Ke5 28. a4 Rc3 0-1

[Event "10th Essent Open"]
[Site "Hoogeveen NED"]
[Date "2006.10.20"]
[Round "1"]
[White "Vul,A"]
[Black "Ebels,T"]
[Result "1-0"]
[WhiteElo "2365"]
[BlackElo "2101"]
[EventDate "2006.10.21"]

1. Nf3 d5 2. d4 e6 3. c4 c5 4. cxd5 exd5 5. g3 Nc6 6. Bg2 Nf6 7. O-O Be7 8.
Nc3 O-O 9. dxc5 Bxc5 10. Bg5 d4 11. Bxf6 Qxf6 12. Nd5 Qd8 13. Nd2 Bh3 14.
Bxh3 Qxd5 15. Bg2 Qe6 16. Rc1 Bb6 17. a3 Rfe8 18. Re1 Rad8 19. Nc4 Ne5 20.
Nxb6 Qxb6 21. b4 a5 22. Qd2 axb4 23. Qxb4 Qxb4 24. axb4 d3 25. exd3 Nxd3
26. Rxe8+ Rxe8 27. Rc4 b5 28. Rd4 Ne1 29. Re4 Rxe4 30. Bxe4 f5 31. Bxf5
Nf3+ 32. Kg2 Nd4 33. Be4 Kf7 34. f4 h6 35. Kf2 Kf6 36. Ke3 Ne6 37. Bb7 g5
38. Bc8 Nc7 39. Kd4 gxf4 40. gxf4 h5 41. h4 Ne8 42. Kc5 Ke7 43. Bh3 Nc7 44.
Kc6 Kd8 45. Bf5 Ne8 46. Bg6 1-0

[Event "10th Essent Open"]
[Site "Hoogeveen NED"]
[Date "2006.10.20"]
[Round "1"]
[White "Van der Elburg,F"]
[Black "Hendriks,P"]
[Result "1-0"]
[WhiteElo "2359"]
[BlackElo "2092"]
[EventDate "2006.10.21"]

1. c4 e6 2. g3 d5 3. Nf3 Nf6 4. Bg2 c5 5. O-O Nc6 6. cxd5 exd5 7. d4 Bg4 8.
Ne5 h5 9. Nxc6 bxc6 10. dxc5 Qd7 11. Qd4 Bh3 12. Bg5 Bxg2 13. Kxg2 Ne4 14.
Qe5+ Qe6 15. Qxe6+ fxe6 16. Bf4 Bxc5 17. Be5 O-O 18. f3 Rf5 19. Bf4 Nf6 20.
Nc3 d4 21. Na4 Nd5 22. Rfc1 Nxf4+ 23. gxf4 Bd6 24. Rxc6 Bxf4 25. Nc5 Rg5+
26. Kh3 Be3 27. Nxe6 Rg6 28. Nxd4 Rxc6 29. Nxc6 Kf8 30. b4 Re8 31. Rd1 Re6
32. b5 1-0

[Event "10th Essent Open"]
[Site "Hoogeveen NED"]
[Date "2006.10.20"]
[Round "1"]
[White "Hendriks,Th"]
[Black "Okkes,M"]
[Result "0-1"]
[WhiteElo "2090"]
[BlackElo "2355"]
[EventDate "2006.10.21"]

1. e4 c6 2. d4 d5 3. Nd2 dxe4 4. Nxe4 Bf5 5. Ng3 Bg6 6. h4 h6 7. Nf3 Nd7 8.
Bd3 Bxd3 9. Qxd3 e6 10. Bd2 Ngf6 11. O-O-O Be7 12. Ne4 Nxe4 13. Qxe4 Nf6
14. Qe2 Qd5 15. c4 Qe4 16. Rhe1 Qxe2 17. Rxe2 b5 18. c5 Nd5 19. Ne5 Rc8 20.
g3 h5 21. a3 Bf6 22. Ba5 Bxe5 23. Rxe5 Ke7 24. Rde1 g6 25. f3 Kf8 26. R1e4
Kg7 27. Be1 Rcd8 28. Bf2 Rd7 29. Kc2 a5 30. g4 Nf6 31. Rf4 Nd5 32. Rfe4 Nf6
33. Rf4 a4 34. g5 Nd5 35. Rfe4 b4 36. Re1 bxa3 37. bxa3 Rb8 38. Rb1 Rxb1
39. Kxb1 Rb7+ 40. Kc1 Rb3 41. Re2 Rxf3 42. Rb2 Nf4 43. d5 exd5 44. Bd4+ Kf8
45. Rb8+ Ke7 46. Bf6+ Ke6 47. Rb6 d4 48. Rxc6+ Kd5 49. Rc8 Ne6 50. Ra8 Rxa3
51. Kb2 Rb3+ 52. Ka2 Rb4 53. Ra7 Nxc5 54. Rxf7 d3 0-1

[Event "10th Essent Open"]
[Site "Hoogeveen NED"]
[Date "2006.10.20"]
[Round "1"]
[White "Bitalzadeh,A"]
[Black "Woudt,E"]
[Result "1-0"]
[WhiteElo "2345"]
[BlackElo "2072"]
[EventDate "2006.10.21"]

1. e4 e5 2. Nf3 Nc6 3. Bb5 a6 4. Ba4 Nf6 5. O-O Be7 6. Re1 b5 7. Bb3 d6 8.
c3 O-O 9. h3 Na5 10. Bc2 c5 11. d4 Nd7 12. d5 Nb6 13. a4 Bd7 14. b4 cxb4
15. cxb4 Nb7 16. a5 Nc4 17. Nfd2 Nxd2 18. Bxd2 Bg5 19. Bd3 Qf6 20. Be2 Qg6
21. Bg4 f5 22. exf5 Bxf5 23. Bxf5 Qxf5 24. Bxg5 Qxg5 25. Nd2 Rfc8 26. Rc1
Qe7 27. Qg4 Rf8 28. Ne4 Rf4 29. Rc8+ Nd8 30. Rxa8 Rxg4 31. hxg4 h6 32. Rxa6
Kh7 33. Rb6 Qc7 34. Rxb5 1-0

[Event "10th Essent Open"]
[Site "Hoogeveen NED"]
[Date "2006.10.20"]
[Round "1"]
[White "Goudriaan,E"]
[Black "Pruijssers,R"]
[Result "1/2-1/2"]
[WhiteElo "2065"]
[BlackElo "2339"]
[EventDate "2006.10.21"]

1. d4 Nf6 2. Nf3 g6 3. g3 Bg7 4. Bg2 O-O 5. O-O d6 6. b3 c5 7. Bb2 cxd4 8.
Nxd4 d5 9. c4 dxc4 10. bxc4 Nfd7 11. Qc2 Nc5 12. Nb3 Bf5 13. e4 Bxe4 14.
Bxe4 Bxb2 15. Nxc5 Bxa1 16. Bxb7 Qc7 17. Bxa8 Qxc5 18. Nd2 Be5 19. Nb3 Qc7
20. Bf3 Rc8 21. c5 Bd6 22. Rc1 Nd7 23. c6 Ne5 24. Bg2 Qb6 25. Nc5 Rc7 26.
Ne4 Ba3 27. Rb1 Rxc6 28. Qb3 Qxb3 29. Rxb3 Rc1+ 30. Bf1 Bd6 31. Kg2 Rc2 32.
Nxd6 exd6 33. Ra3 Rc7 34. f4 Ng4 35. h3 Nf6 36. Ra6 Ne4 37. Bd3 d5 38. Ra4
Nc5 39. Rd4 Rd7 40. Bb5 Rb7 41. a4 a6 42. Bc6 Rb2+ 43. Kf3 Rb3+ 44. Kg4 Ne4
45. Bxd5 h5+ 46. Kh4 Nxg3 47. Bxb3 Nf5+ 48. Kg5 Nxd4 49. Bc4 Kg7 50. f5
Nxf5 51. Bxa6 Nd6 52. a5 f6+ 53. Kf4 g5+ 54. Kg3 Kf7 55. Be2 h4+ 56. Kg4
Ke6 57. a6 Nc8 58. Bf3 1/2-1/2

[Event "10th Essent Open"]
[Site "Hoogeveen NED"]
[Date "2006.10.20"]
[Round "1"]
[White "Slingerland,F"]
[Black "Schenkeveld,Da"]
[Result "1-0"]
[WhiteElo "2331"]
[BlackElo "2036"]
[EventDate "2006.10.21"]

1. e4 c5 2. Nf3 Nc6 3. d4 cxd4 4. Nxd4 Nf6 5. Nc3 e5 6. Ndb5 d6 7. Bg5 a6
8. Na3 b5 9. Bxf6 gxf6 10. Nd5 f5 11. Bd3 Be6 12. c3 Bg7 13. Qh5 O-O 14.
exf5 Bxd5 15. f6 e4 16. fxg7 Re8 17. Be2 Re5 18. Qh6 Qg5 19. Qxg5 Rxg5 20.
Nc2 Bc4 21. a4 Bxe2 22. Kxe2 Rb8 23. axb5 Rbxb5 24. b4 a5 25. c4 Rxb4 26.
Nxb4 axb4 27. Rhd1 Rc5 28. Rac1 b3 29. Rxd6 Nb4 30. Rb1 Rxc4 31. Rxb3 Nd3
32. Ke3 Ne1 33. g3 Kxg7 34. Rb7 Nc2+ 35. Kd2 Nd4 36. Rdd7 Nf3+ 37. Ke3 Ne5
38. Rdc7 Ra4 39. Ra7 Rb4 40. Rcb7 Rc4 41. h3 h6 42. Ra5 Nf3 43. Rf5 Ng5 44.
h4 Rc3+ 45. Ke2 Kg6 46. g4 Ne6 47. h5+ Kg7 48. Rfxf7+ Kg8 49. Rfe7 Nd4+ 50.
Kf1 1-0

[Event "10th Essent Open"]
[Site "Hoogeveen NED"]
[Date "2006.10.20"]
[Round "1"]
[White "Piskov,Y"]
[Black "Shumiakina,T"]
[Result "1/2-1/2"]
[WhiteElo "2452"]
[BlackElo "2363"]
[EventDate "2006.10.21"]

1. d4 d5 2. Nf3 c6 3. b3 Nf6 4. Bb2 Bf5 5. e3 e6 6. Be2 Bd6 7. O-O O-O 8.
Ne5 Nbd7 9. Nd2 h6 10. c4 Qe7 11. a3 a5 12. Qc1 Ne4 13. Nxe4 Bxe4 14. f3
Bh7 15. Nxd7 Qxd7 1/2-1/2

[Event "10th Essent Open"]
[Site "Hoogeveen NED"]
[Date "2006.10.21"]
[Round "2"]
[White "Van Delft,M"]
[Black "Gurevich,M"]
[Result "0-1"]
[WhiteElo "2404"]
[BlackElo "2648"]
[EventDate "2006.10.21"]

1. e4 e6 2. d4 d5 3. Nc3 Nf6 4. e5 Nfd7 5. f4 c5 6. Nf3 Nc6 7. Be3 Be7 8.
Qd2 O-O 9. Bd3 c4 10. Be2 Rb8 11. f5 b5 12. a3 Nb6 13. fxe6 Bxe6 14. O-O
Nd7 15. Kh1 a5 16. Bf4 b4 17. axb4 axb4 18. Nd1 Nb6 19. Ne3 Ra8 20. Ng1 Qd7
21. Nf3 Rxa1 22. Rxa1 Ra8 23. Rxa8+ Nxa8 24. b3 Nb6 25. Kg1 Qa7 26. Qd1 h6
27. h3 Qa3 28. bxc4 dxc4 29. d5 Bc5 30. dxe6 Bxe3+ 31. Bxe3 Qxe3+ 32. Kf1
Qc5 33. exf7+ Kxf7 34. Qd2 Nd5 35. g4 Ke6 36. g5 Ne3+ 37. Ke1 Nxe5 38. gxh6
gxh6 39. Qd8 Nxf3+ 40. Bxf3 Nxc2+ 41. Kf1 Ke5 42. Qh8+ Kf4 43. Be2 Qf5 0-1

[Event "10th Essent Open"]
[Site "Hoogeveen NED"]
[Date "2006.10.21"]
[Round "2"]
[White "Cheparinov,I"]
[Black "Berger,Stev"]
[Result "1-0"]
[WhiteElo "2632"]
[BlackElo "2412"]
[EventDate "2006.10.21"]

1. d4 e6 2. Nf3 Nf6 3. c4 b6 4. g3 Ba6 5. b3 b5 6. Nbd2 Bb4 7. Bg2 bxc4 8.
bxc4 Bxc4 9. Rb1 Qe7 10. a3 Bxd2+ 11. Nxd2 Bd5 12. e4 Bc6 13. Qc2 O-O 14.
O-O Qe8 15. a4 d6 16. Ba3 Qd7 17. Rfc1 Bxa4 18. Qxc7 Qxc7 19. Rxc7 Nc6 20.
d5 exd5 21. exd5 Ne5 22. Bxd6 Rfe8 23. Be7 a6 24. Bxf6 gxf6 25. Ne4 Kg7 26.
f4 Ng4 27. Nd6 Reb8 28. Rxf7+ Kg8 29. Rbb7 Rxb7 30. Rxb7 Rd8 31. Nf5 Bd7
32. Nd4 Kf8 33. Bf3 f5 34. Nc6 1-0

[Event "10th Essent Open"]
[Site "Hoogeveen NED"]
[Date "2006.10.21"]
[Round "2"]
[White "L'Ami,E"]
[Black "Donchenko,A"]
[Result "1/2-1/2"]
[WhiteElo "2593"]
[BlackElo "2395"]
[EventDate "2006.10.21"]

1. d4 d5 2. c4 e6 3. Nc3 Nf6 4. Nf3 Be7 5. Bg5 h6 6. Bh4 O-O 7. e3 b6 8.
Bd3 Bb7 9. O-O Nbd7 10. Qe2 dxc4 11. Bxc4 Ne4 12. Bg3 Bd6 13. Rfd1 Bxg3 14.
hxg3 Qe7 15. Ba6 Nxc3 16. bxc3 Bxa6 17. Qxa6 c5 18. a4 Nf6 19. Ne5 Qc7 20.
a5 Rab8 21. Qb5 Rfc8 22. Ra3 Ne4 23. Qd3 Nf6 24. axb6 axb6 25. Rda1 Nd7 26.
Ra7 Nxe5 27. Qe4 Qc6 28. Qxe5 cxd4 29. cxd4 b5 30. R1a6 Rb6 31. Qf4 Rf8 32.
Rxb6 Qxb6 33. Qc7 Qxc7 34. Rxc7 Ra8 35. Rc1 Kf8 36. Kf1 Ke8 37. Rc5 Ra1+
38. Ke2 Ra2+ 39. Kf3 Rb2 40. g4 Ke7 41. g5 hxg5 42. Rxg5 Kf6 43. Rc5 g5 44.
g4 b4 45. Rb5 1/2-1/2

[Event "10th Essent Open"]
[Site "Hoogeveen NED"]
[Date "2006.10.21"]
[Round "2"]
[White "Brodsky,M"]
[Black "Willemze,T"]
[Result "1-0"]
[WhiteElo "2566"]
[BlackElo "2384"]
[EventDate "2006.10.21"]

1. Nf3 Nf6 2. d4 e6 3. c4 c5 4. Nc3 cxd4 5. Nxd4 Bb4 6. g3 O-O 7. Bg2 d5 8.
cxd5 Nxd5 9. Qb3 Qb6 10. Bxd5 exd5 11. Be3 Bh3 12. g4 Na6 13. a3 Bxc3+ 14.
Qxc3 Rac8 15. Nf5 Rxc3 16. Bxb6 Rc2 17. Bd4 Bxg4 18. Rg1 Rxe2+ 19. Kf1 Re4
20. f3 Bh3+ 21. Kf2 Rxd4 22. Nxd4 Nc5 23. Rgd1 Bd7 24. Rac1 Ba4 25. Rd2 Ne6
26. Nf5 g6 27. Ne7+ Kg7 28. Rxd5 Re8 29. Nc8 Nf4 30. Rd2 Bc6 31. Nxa7 Bd5
32. Rc5 Re5 33. Nc8 Rh5 34. Ke3 1-0

[Event "10th Essent Open"]
[Site "Hoogeveen NED"]
[Date "2006.10.21"]
[Round "2"]
[White "Goloshchapov,A"]
[Black "Afek,Y"]
[Result "1-0"]
[WhiteElo "2552"]
[BlackElo "2372"]
[EventDate "2006.10.21"]

1. c4 Nf6 2. Nf3 g6 3. Nc3 Bg7 4. e4 O-O 5. d4 d6 6. Be2 Nbd7 7. O-O e5 8.
Re1 c6 9. d5 cxd5 10. cxd5 Nc5 11. Qc2 a5 12. Be3 b6 13. Nd2 Ng4 14. Bxg4
Bxg4 15. Nc4 Qb8 16. Rab1 Bd7 17. b4 axb4 18. Rxb4 b5 19. Reb1 Na6 20. R4b3
Qc7 21. Nxb5 Bxb5 22. Rxb5 Rfc8 23. Rc1 f5 24. exf5 Qd7 25. Qb1 Qxf5 26.
Qxf5 gxf5 27. Nxd6 Rxc1+ 28. Bxc1 Nc7 29. Rb7 Nxd5 30. Nxf5 Bf8 31. Rb5 Nb4
32. Bb2 Nd3 33. Bxe5 Rxa2 34. Bd4 Nxf2 35. Rb8 Kf7 36. Rb7+ Kg8 37. Rb8 Kf7
38. Rb7+ Kg8 39. Ne7+ Kf7 40. Nd5+ Kg6 41. Rb6+ Kh5 42. Nf6+ Kh4 43. Rb5
1-0

[Event "10th Essent Open"]
[Site "Hoogeveen NED"]
[Date "2006.10.21"]
[Round "2"]
[White "Bednar,Jar"]
[Black "Werle,J"]
[Result "0-1"]
[WhiteElo "2369"]
[BlackElo "2551"]
[EventDate "2006.10.21"]

1. e4 e5 2. Nf3 Nc6 3. Nc3 Nf6 4. d4 exd4 5. Nd5 Nxe4 6. Qe2 f5 7. Ng5 d3
8. cxd3 Nd4 9. Qh5+ g6 10. Qh4 c6 11. dxe4 cxd5 12. exd5 Bg7 13. Kd1 h6 14.
Nf3 Qxh4 15. Nxh4 Kf7 16. Bd3 b6 17. d6 Bb7 18. Bc4+ Ne6 19. Nf3 Rac8 20.
Bb3 Bxf3+ 21. gxf3 Rc6 22. Ke2 Rxd6 23. Bf4 Rc6 24. Rac1 Ke7 25. Be3 Bxb2
26. Rxc6 dxc6 27. f4 Nd4+ 28. Bxd4 Bxd4 29. Kf3 Re8 30. Re1+ Kf8 31. Rg1
Kg7 32. h4 Kf6 33. Rd1 Bc5 34. Rd7 Re7 35. Rd8 Rc7 36. Rh8 h5 37. Rd8 b5
38. a4 Be7 39. Rd1 bxa4 40. Bxa4 c5 41. Rg1 Kf7 42. Bb3+ c4 43. Rc1 cxb3
44. Rxc7 a5 45. Ke3 a4 46. Kd3 a3 47. Kc3 a2 48. Kb2 Ke6 49. Rc6+ Kd5 50.
Ra6 Bxh4 51. Kxb3 Ke4 52. Rxa2 Kf3 53. Ra6 Bxf2 54. Rxg6 h4 55. Kc2 Kxf4
56. Kd3 Kf3 57. Rh6 f4 58. Rh7 Kg3 59. Rh8 Kg2 60. Ke4 f3 0-1

[Event "10th Essent Open"]
[Site "Hoogeveen NED"]
[Date "2006.10.21"]
[Round "2"]
[White "Ris,R"]
[Black "Ibrahimov,R"]
[Result "1/2-1/2"]
[WhiteElo "2367"]
[BlackElo "2541"]
[EventDate "2006.10.21"]

1. e4 c5 2. Nf3 d6 3. d4 cxd4 4. Nxd4 Nf6 5. Nc3 a6 6. Bc4 e6 7. Bb3 b5 8.
Bg5 Be7 9. Qf3 Qc7 10. O-O-O Nbd7 11. e5 Bb7 12. Qg3 Nxe5 13. Bxe6 fxe6 14.
f4 Kf7 15. fxe5 dxe5 16. Nxe6 Kxe6 17. Qh3+ Kf7 18. Bxf6 gxf6 19. Rd7 Qc8
20. Rhd1 Bc6 21. Qh5+ Kf8 22. Qh6+ Kf7 23. Qh5+ Kf8 24. Qh6+ 1/2-1/2

[Event "10th Essent Open"]
[Site "Hoogeveen NED"]
[Date "2006.10.21"]
[Round "2"]
[White "Rogers,I"]
[Black "Tondivar,B"]
[Result "0-1"]
[WhiteElo "2526"]
[BlackElo "2367"]
[EventDate "2006.10.21"]

1. e4 e6 2. Nf3 d5 3. Nc3 Bb4 4. a3 Bxc3 5. dxc3 Ne7 6. e5 c5 7. h4 Nbc6 8.
h5 h6 9. Bf4 Qc7 10. Qd2 Bd7 11. b4 a6 12. Bd3 Nc8 13. Rh4 N6e7 14. Rg4 Kf8
15. Kf1 Nb6 16. Kg1 Rc8 17. Be3 d4 18. cxd4 c4 19. Be4 c3 20. Qd1 Nbd5 21.
Ne1 Bc6 22. Nd3 Nf5 23. Qf3 Nde7 24. Bxc6 Qxc6 25. Qxc6 Rxc6 26. Re4 Nd5
27. Kh2 Ke8 28. Re1 b6 29. Nf4 Nfe7 30. Nxd5 Nxd5 31. Rg4 Kf8 32. f3 Kg8
33. Bf2 Kh7 34. Rge4 b5 35. Rb1 Ra8 36. g4 a5 37. bxa5 Rxa5 38. Kg3 Rc4 39.
Be3 Rxa3 40. Rxb5 Ra2 41. g5 hxg5 42. Bxg5 Rxc2 43. h6 gxh6 44. Rh4 Kg6 45.
Bxh6 Rb2 46. Rxd5 exd5 47. Bf8 c2 48. Rh6+ Kg5 49. Rf6 c1=Q 50. Bh6+ Kh5
51. Bxc1 Rxc1 52. Rxf7 Rd2 53. Kf4 Kg6 54. Rf6+ Kg7 55. Kf5 Rxd4 56. f4 Rf1
57. Kg5 Re4 0-1

[Event "10th Essent Open"]
[Site "Hoogeveen NED"]
[Date "2006.10.21"]
[Round "2"]
[White "Okkes,M"]
[Black "Ernst,S"]
[Result "1/2-1/2"]
[WhiteElo "2355"]
[BlackElo "2512"]
[EventDate "2006.10.21"]

1. e4 c6 2. d4 d5 3. Nc3 dxe4 4. Nxe4 Bf5 5. Ng3 Bg6 6. N1e2 e6 7. Nf4 Bd6
8. Nxg6 hxg6 9. Ne4 Be7 10. g3 Nf6 11. Bg2 Nxe4 12. Bxe4 Bg5 13. O-O Bxc1
14. Rxc1 Nd7 15. Bg2 Qb6 16. Rb1 Nf6 17. c3 Rh5 18. b4 Kf8 19. a4 Rd8 20.
Qb3 e5 21. b5 cxb5 22. Qa3+ Qd6 23. Qxd6+ Rxd6 24. dxe5 Rxe5 25. Rxb5 Rxb5
26. axb5 Rd7 27. c4 Rc7 28. Ra1 b6 29. Bc6 Ke7 30. Rd1 a5 31. c5 Nd7 32.
Re1+ Kf6 33. Bxd7 Rxd7 34. cxb6 Rd5 35. Rb1 Rd6 36. Ra1 Rxb6 37. Rxa5 Rb7
38. Kg2 Ke6 39. Kf3 Kd5 40. b6+ Kc6 41. Ra7 Kxb6 42. Rxb7+ Kxb7 43. Ke4 Kc6
44. Ke5 Kd7 45. f4 Ke7 46. g4 Kd7 47. h4 1/2-1/2

[Event "10th Essent Open"]
[Site "Hoogeveen NED"]
[Date "2006.10.21"]
[Round "2"]
[White "Hendriks,W"]
[Black "Vul,A"]
[Result "1/2-1/2"]
[WhiteElo "2438"]
[BlackElo "2365"]
[EventDate "2006.10.21"]

1. e4 e5 2. Bc4 Nf6 3. d3 c6 4. Nf3 d5 5. Bb3 Bb4+ 6. Bd2 Bxd2+ 7. Qxd2 O-O
8. exd5 Nxd5 9. O-O f6 10. h3 c5 11. Qe3 Na6 12. Nc3 Be6 13. Nxd5 Bxd5 14.
Nd2 b6 15. Qe4 Nc7 1/2-1/2

[Event "10th Essent Open"]
[Site "Hoogeveen NED"]
[Date "2006.10.21"]
[Round "2"]
[White "Dambacher,M"]
[Black "Van der Elburg,F"]
[Result "1/2-1/2"]
[WhiteElo "2429"]
[BlackElo "2359"]
[EventDate "2006.10.21"]

1. Nf3 d6 2. c4 f5 3. d4 Nf6 4. g3 g6 5. Bg2 Bg7 6. O-O O-O 7. Nc3 Qe8 8.
d5 Na6 9. Nd4 Bd7 10. Rb1 c6 11. dxc6 bxc6 12. b4 Rc8 13. Nf3 Qf7 14. Qd3
Ne4 15. Bd2 Be6 16. Nxe4 fxe4 17. Qxe4 Bf5 18. Qh4 Bf6 19. Qf4 e5 20. Qe3
Bxb1 21. Rxb1 Qxc4 22. Qa3 e4 23. Ng5 Qxe2 24. Nxe4 Bd4 25. Kh1 Nc7 26. Re1
Qa6 27. Qxa6 Nxa6 28. Nxd6 Rcd8 29. Ne4 Bxf2 30. Rc1 c5 31. Bg5 Rd3 32. Bf1
Nxb4 33. Bxd3 Nxd3 34. Rc3 Rf3 35. Rb3 Bd4 36. Rb7 Ne1 37. h4 Rf1+ 38. Kh2
Nf3+ 39. Kg2 Nxg5 40. hxg5 Rf7 41. Rb8+ Kg7 42. Nd6 Rf2+ 43. Kh3 Rxa2 44.
Re8 Rf2 45. Re7+ Kg8 46. Rxa7 Rf8 47. Rd7 Rb8 48. Ne4 Re8 49. Nf6+ Bxf6 50.
gxf6 Rc8 51. Rg7+ Kf8 52. Rxh7 Rc6 53. Kh4 Rxf6 54. Rc7 Rf5 55. g4 Re5 56.
g5 Ke8 57. Kg4 Rf5 58. Rc6 Kf7 59. Rc7+ 1/2-1/2

[Event "10th Essent Open"]
[Site "Hoogeveen NED"]
[Date "2006.10.21"]
[Round "2"]
[White "Ly,M"]
[Black "Willemze,J"]
[Result "1/2-1/2"]
[WhiteElo "2274"]
[BlackElo "2423"]
[EventDate "2006.10.21"]

1. e4 e5 2. Nf3 Nc6 3. Bb5 a6 4. Ba4 Nf6 5. O-O Nxe4 6. d4 b5 7. Bb3 d5 8.
dxe5 Be6 9. c3 Be7 10. Qe2 O-O 11. Rd1 Qd7 12. Nbd2 Nxd2 13. Bxd2 Na5 14.
Bc2 c5 15. Qd3 g6 16. Bh6 Rfd8 17. b3 Nc6 18. Qe3 Bf5 19. Rac1 b4 20. Bg5
Bxc2 21. Rxc2 Qf5 22. Bxe7 Nxe7 23. Rcc1 d4 24. cxd4 Nd5 25. Qd3 Qxd3 26.
Rxd3 Nc3 27. Rc2 cxd4 28. g3 Nb5 29. Rc4 a5 30. Rc5 Rab8 31. Kg2 Rdc8 32.
Rd5 Rd8 33. Rc5 Rdc8 34. Rc4 Rxc4 35. bxc4 Nc3 36. Rd2 Rc8 37. Nxd4 Rxc4
38. e6 fxe6 39. Nxe6 a4 40. Rd7 Rc6 41. Rg7+ Kh8 42. Re7 h6 43. Nd8 Rb6 44.
Nf7+ Kg8 45. Ne5 Nxa2 46. Ra7 Nc3 47. Ra8+ Kg7 48. Ra7+ Kg8 1/2-1/2

[Event "10th Essent Open"]
[Site "Hoogeveen NED"]
[Date "2006.10.21"]
[Round "2"]
[White "Brandenburg,D"]
[Black "Bitalzadeh,A"]
[Result "1/2-1/2"]
[WhiteElo "2421"]
[BlackElo "2345"]
[EventDate "2006.10.21"]

1. e4 c5 2. Nf3 Nc6 3. d4 cxd4 4. Nxd4 Nf6 5. Nc3 d6 6. Bg5 Qb6 7. Nb3 e6
8. Bxf6 gxf6 9. Qd2 a6 10. O-O-O h5 11. Kb1 Bd7 12. f4 O-O-O 13. h4 Be7 14.
g3 Rdg8 15. Qe1 Na5 16. Nd5 exd5 17. Nxa5 dxe4 18. Qxe4 Qxa5 19. Qxe7 Rxg3
20. Qxf6 Rhg8 21. Bc4 Bg4 22. Bxf7 Bxd1 23. Bxg8 Qd2 24. Bb3 Kb8 25. Qf7
Ka7 26. a3 Bf3 27. Rf1 Be4 28. Qc4 Bf5 29. Ka2 Rh3 30. Qb4 Qxb4 31. axb4
Rxh4 32. c3 Rg4 33. Bd1 Rh4 34. Rf2 Rh1 35. Bf3 Be6+ 36. b3 Rh3 37. Kb2 h4
38. Be4 Re3 39. Bc2 h3 40. f5 Bd5 41. f6 Bf7 42. Bf5 Rg3 43. Be4 Re3 44.
Bf5 Rg3 45. Be4 d5 46. Bh1 Rg6 47. Kc2 Kb6 48. Kd3 Kc7 49. c4 Rg3+ 50. Rf3
Rxf3+ 51. Bxf3 dxc4+ 52. bxc4 h2 53. c5 Be8 54. Ke3 Bc6 55. f7 Bxf3 56.
f8=Q h1=Q 57. Qd6+ Kc8 58. Qe6+ Kd8 59. Qd6+ Ke8 60. Qe6+ Kf8 61. Qf6+ Kg8
62. Qg6+ Kh8 63. Qf6+ Kh7 64. Qf7+ Kh6 65. Qf6+ Kh7 66. Qf7+ 1/2-1/2

[Event "10th Essent Open"]
[Site "Hoogeveen NED"]
[Date "2006.10.21"]
[Round "2"]
[White "Khairullin,I"]
[Black "Slingerland,F"]
[Result "1/2-1/2"]
[WhiteElo "2543"]
[BlackElo "2331"]
[EventDate "2006.10.21"]

1. e4 c5 2. Nf3 Nc6 3. d4 cxd4 4. Nxd4 Nf6 5. Nc3 d6 6. Bg5 e6 7. Qd2 a6 8.
O-O-O Bd7 9. f3 Be7 10. Kb1 Qa5 11. h4 h6 12. Be3 Nxd4 13. Qxd4 e5 14. Qb6
Qxb6 15. Bxb6 Rc8 16. g4 Be6 17. Be2 O-O 18. Rd2 Nd7 19. Be3 Nf6 20. Rhd1
Rfd8 21. Bb6 Re8 22. Bf2 Red8 23. Na4 Nd7 24. b3 Nf8 25. Nb6 Rb8 26. Bc4
Ng6 27. h5 Nf4 28. Bxe6 fxe6 29. Nc4 Nh3 30. Bb6 Rf8 31. Bc7 Rbe8 32. Bxd6
Bxd6 33. Nxd6 Re7 34. Nc4 Ng5 35. Rd7 Rxd7 36. Rxd7 Nxf3 37. Rxb7 Rf4 38.
Rb6 Rxe4 39. Rxe6 Rxg4 40. Rxa6 g6 41. Ra8+ Kg7 42. Ra7+ Kg8 43. hxg6 h5
44. Rh7 h4 45. a4 Rxg6 46. Rh5 e4 47. a5 Kg7 48. Ne3 Rg1+ 49. Kb2 Kg6 50.
Rh8 Kg7 51. Rh5 Kg6 52. Rh8 Kg7 53. Rh5 1/2-1/2

[Event "10th Essent Open"]
[Site "Hoogeveen NED"]
[Date "2006.10.21"]
[Round "2"]
[White "Van der Wiel,J"]
[Black "Doggers,P"]
[Result "1-0"]
[WhiteElo "2522"]
[BlackElo "2252"]
[EventDate "2006.10.21"]

1. e4 e5 2. Nf3 Nc6 3. Bb5 a6 4. Ba4 Nf6 5. O-O Be7 6. Re1 b5 7. Bb3 d6 8.
c3 O-O 9. d4 Bg4 10. Be3 exd4 11. cxd4 Na5 12. Bc2 Nc4 13. Bc1 c5 14. b3
Nb6 15. Nbd2 Rc8 16. h3 Bh5 17. a4 cxd4 18. axb5 axb5 19. Bb2 Nfd7 20. Qb1
Bg6 21. Nxd4 d5 22. Re2 dxe4 23. Bxe4 Re8 24. Bxg6 hxg6 25. Qd3 Bf6 26.
Rxe8+ Qxe8 27. Qxb5 Rc5 28. Qb4 Qc8 29. Ne4 Nd5 30. Qd2 Rc7 31. Re1 Qa6 32.
Nxf6+ N7xf6 33. Nf3 Rb7 34. Bxf6 Nxf6 35. Qd8+ Kh7 36. Ng5+ Kh6 37. h4 Kh5
38. Nf3 Rb5 39. Qh8+ Kg4 40. Qxg7 1-0

[Event "10th Essent Open"]
[Site "Hoogeveen NED"]
[Date "2006.10.21"]
[Round "2"]
[White "Pruijssers,R"]
[Black "Smerdon,D"]
[Result "1/2-1/2"]
[WhiteElo "2339"]
[BlackElo "2473"]
[EventDate "2006.10.21"]

1. e4 e6 2. d4 d5 3. Nc3 Nf6 4. e5 Nfd7 5. f4 c5 6. Nf3 Nc6 7. Be3 cxd4 8.
Nxd4 Bc5 9. Qd2 O-O 10. O-O-O a6 11. Nb3 Bxe3 12. Qxe3 b5 13. Bd3 Nb4 14.
Be2 Nb6 15. Qc5 a5 16. Bxb5 Bd7 17. a3 Nxc2 18. Bxd7 Nxd7 19. Qf2 Nxa3 20.
bxa3 a4 21. Nd4 Qa5 22. Qf3 Rfc8 23. Nde2 Nc5 24. Kc2 Ne4 25. Qe3 Qb5 26.
Rb1 Qc4 27. Rhd1 Qa2+ 28. Rb2 Qxa3 29. Qd4 Rc4 30. Qxc4 dxc4 31. Nxe4 Qe3
32. N4c3 a3 33. Ra2 g5 34. Rd4 gxf4 35. Rxc4 Rd8 36. Kb3 Rd3 37. Kxa3 Qxe5
38. Kb3 Qe3 39. Nxf4 Rxc3+ 40. Rxc3 Qb6+ 41. Kc2 Qf2+ 42. Kb3 Qb6+ 1/2-1/2

[Event "10th Essent Open"]
[Site "Hoogeveen NED"]
[Date "2006.10.21"]
[Round "2"]
[White "Ahlers,B"]
[Black "Piskov,Y"]
[Result "1/2-1/2"]
[WhiteElo "2184"]
[BlackElo "2452"]
[EventDate "2006.10.21"]

1. d4 d5 2. Nf3 e6 3. c4 c6 4. Bg5 f6 5. Bf4 f5 6. Nbd2 Nf6 7. a3 Be7 8. h3
O-O 9. e3 Ne4 10. Be2 Nd7 11. Nxe4 fxe4 12. Ne5 Nxe5 13. Bxe5 Bf6 14. Bxf6
Qxf6 15. O-O Qg5 16. Kh1 Rf6 17. Rc1 Bd7 18. Rc3 Rg6 19. Rg1 Qh4 20. Bg4
Qxf2 21. cxd5 cxd5 22. Rc7 Bb5 23. Rxb7 Bc4 24. Qe1 Qf6 25. Qg3 Rf8 26. Qc7
h5 27. Bxh5 Rg5 28. Bg4 Qf2 29. Rb8 Rxb8 30. Qxb8+ Kh7 31. Bxe6 Qxe3 32.
Qg8+ Kh6 33. Bf7 Rg6 34. Bxg6 Kxg6 35. Qe6+ Kh7 36. Qf5+ Kh6 37. Qe5 Qf2
38. g4 g5 39. Qe6+ Kg7 40. Qe7+ Kh6 41. Qe6+ Kg7 1/2-1/2